000 00350nam a22001577a 4500
003 MPLRDC
005 20220104114232.0
008 210129b ||||| |||| 00| 0 eng d
082 _a782.8516 YF
100 _a芝青
245 _a岳飞
_c
260 _a
_b南洋商报
_c1953
300 _b
650 _a岳飞传记
942 _cBK
_o782.8516 YF
999 _c5898
_d5888